10 Największych miast w województwie Zachodniopomorskim - Statystyki

Ogólne statystyki
  • Ten quiz został rozwiązany 25 razy
  • Średni wynik to 8 z 10
Statystyki odpowiedzi
Ludność Miasto % Poprawnych
43 364 Kołobrzeg
100%
105 143 Koszalin
100%
66 272 Stargard
100%
38 728 Świnoujście
100%
387 700 Szczecin
100%
37 421 Szczecinek
78%
22 300 Białogard
67%
30 549 Police
67%
23 422 Wałcz
61%
21 370 Goleniów
56%
Nie znaleziono quizów pasujących do podanych kryteriów
Rozkład punktacji
Procent ludzi z każdym wynikiem
Percentyl według liczby udzielonych odpowiedzi
Twoja historia wyników
Nie rozwiązałeś tego quizu